Podniková kultúra v podmienkach slovenských firiem diplomová práca
Guardado en:
| Autor principal: | |
|---|---|
| Autor Corporativo: | |
| Otros Autores: | |
| Formato: | Libro |
| Lenguaje: | eslovaco |
| Publicado: |
Bratislava
2018
|
| Etiquetas: |
Sin Etiquetas, Sea el primero en etiquetar este registro!
|
MARC
| LEADER | 00000nbm a2200000 4500 | ||
|---|---|---|---|
| 001 | 0243209 | ||
| 005 | 20180817100752.7 | ||
| 041 | 0 | |a slo | |
| 044 | |a SK | ||
| 245 | 1 | 0 | |a Podniková kultúra v podmienkach slovenských firiem |b diplomová práca |c Tereza Bachratá ; školiteľ: Viera Čihovská |
| 264 | 1 | |a Bratislava |c 2018 | |
| 300 | |a 77 s. | ||
| 100 | 1 | |a Bachratá, Tereza | |
| 700 | 1 | |a Čihovská, Viera | |
| 710 | 2 | |a Obchodná fakulta EU. Katedra marketingu | |